000 00579nam a22001937a 4500
003 SISC
005 20160217140232.0
008 130902t xxu||||| |||| 00| 0 eng d
020 _a97806971641117
050 _aQD 42
_b.D362 1993
082 _aHS 541
_bD384 1993
100 _aDeLorenzo, Ronald A.
_916100
245 _aProblem solving in general Chemistry /
_cRonald A. DeLorenzo.
260 _aUnited States :
_bWm. C. Brown,
_cc1993.
300 _a402 p. :
_bill. ;
_c26 cm.
650 _aChemistry
_xStudy and teaching.
_916101
942 _2lcc
_cBK
999 _c10150
_d10150